Wereldhoofdsteden die het dichtst bij Amsterdam liggen - 1 min sprint - Statistieken

Algemene statistieken
  • Deze quiz is 32 keer genomen
  • De gemiddelde score is 12 van 20
Antwoordstatistieken
km hoofdstad % Correct
430 Parijs
100%
578 Berlijn
96%
173 Brussel
96%
358 Londen
92%
319 Luxemburg
88%
631 Bern
73%
622 Kopenhagen
73%
914 Oslo
69%
936 Wenen
69%
1098 Warschau
65%
1125 Stockholm
62%
756 Dublin
54%
713 Praag
54%
987 Bratislava
35%
979 Monaco
31%
1126 Andorra la Vella
27%
1091 San Marino
23%
670 Vaduz
23%
1086 Zagreb
23%
989 Ljubljana
15%
Geen overeenkomende quizzen gevonden
Scoreverdeling
Procent van Mensen met Elke Score
Percentiel versus Aantal Correcte Antwoorden
Uw Scoregeschiedenis
U heeft deze quiz nog niet genomen